LIBRARY & INFORMATION CENTRE, KCAET, TAVANUR

ONLINE PUBLIC ACCESS CATALOGUE (OPAC)

Food processing and preservation, Part-II (Record no. 14015)

MARC details
000 -LEADER
fixed length control field 00282nam a22001097a 4500
020 ## - INTERNATIONAL STANDARD BOOK NUMBER
ISBN 9788186095171
082 ## - DEWEY DECIMAL CLASSIFICATION NUMBER
Classification number 664.02
Item number BAK/FO
245 ## - TITLE STATEMENT
Title Food processing and preservation, Part-II
260 ## - PUBLICATION, DISTRIBUTION, ETC. (IMPRINT)
Place of publication New Delhi
Name of publisher Jagmander Book Agency
Year of publication 2013
700 ## - ADDED ENTRY--PERSONAL NAME
Personal name Bakshi, A.K
942 ## - ADDED ENTRY ELEMENTS (KOHA)
Koha item type Reference
Holdings
Withdrawn status Lost status Damaged status Collection code Home library Current library Shelving location Date acquired Source of acquisition Cost, normal purchase price Full call number Accession Number Koha item type
      Reference KAUAET KAUAET General Stacks 30/03/2013 Univeral Reserch books, Trichur 5500.00 664.02 BAK/FO 23932 Books
      Reference KAUAET KAUAET General Stacks 15/06/2016 Penta Books, Calicut 5500.00 664.02 BAK/FO 23760 Books
free website counter